<?xml version="1.0" encoding="UTF-8"?>
<record
    xmlns:xsi="http://www.w3.org/2001/XMLSchema-instance"
    xsi:schemaLocation="http://www.loc.gov/MARC21/slim http://www.loc.gov/standards/marcxml/schema/MARC21slim.xsd"
    xmlns="http://www.loc.gov/MARC21/slim">

  <leader>00766nam a22002177a 4500</leader>
  <controlfield tag="005">20170123162350.0</controlfield>
  <datafield tag="010" ind1=" " ind2=" ">
    <subfield code="a">A-645646</subfield>
  </datafield>
  <datafield tag="020" ind1=" " ind2=" ">
    <subfield code="c">70.00</subfield>
    <subfield code="a">8171600549</subfield>
  </datafield>
  <datafield tag="035" ind1=" " ind2=" ">
    <subfield code="a">A-645646</subfield>
  </datafield>
  <datafield tag="037" ind1=" " ind2=" ">
    <subfield code="b">Cen Lib/Ret</subfield>
  </datafield>
  <datafield tag="040" ind1=" " ind2=" ">
    <subfield code="a">DPL</subfield>
    <subfield code="b">UR</subfield>
  </datafield>
  <datafield tag="082" ind1=" " ind2=" ">
    <subfield code="a">181.45</subfield>
    <subfield code="b">&#x628; &#x6C1; &#x6AF;</subfield>
  </datafield>
  <datafield tag="245" ind1=" " ind2=" ">
    <subfield code="a">: &#x628;&#x6BE;&#x6AF;&#x648;&#x62F; &#x6AF;&#x6CC;&#x62A;&#x627; </subfield>
    <subfield code="c">&#x645;&#x62A;&#x631;&#x62C;&#x645; &#x634;&#x627;&#x6C1; &#x627;&#x644;&#x62D;&#x642; &#x62D;&#x642;&#x6CC;</subfield>
    <subfield code="b">&#x627;&#x631;&#x62F;&#x648; &#x62A;&#x631;&#x645;&#x62C;&#x6C1;</subfield>
  </datafield>
  <datafield tag="246" ind1=" " ind2=" ">
    <subfield code="a">Bhagvat Geeta :urdu tarjuma /</subfield>
    <subfield code="b">translated by Shah Al-haq</subfield>
  </datafield>
  <datafield tag="260" ind1=" " ind2=" ">
    <subfield code="a"> &#x646;&#x626;&#x6CC; &#x62F;&#x6C1;&#x644;&#x6CC;</subfield>
    <subfield code="b"> &#x627;&#x646;&#x62C;&#x645;&#x646; &#x62A;&#x631;&#x642;&#x6CC; &#x627;&#x631;&#x62F;&#x648;</subfield>
    <subfield code="c">1999</subfield>
  </datafield>
  <datafield tag="270" ind1=" " ind2=" ">
    <subfield code="b"> &#x646;&#x626;&#x6CC; &#x62F;&#x6C1;&#x644;&#x6CC;</subfield>
    <subfield code="a">&#x627;&#x631;&#x62F;&#x648; &#x6AF;&#x6BE;&#x631; : &#x662;&#x661;&#x662;, &#x631;&#x648;&#x633;&#x6D2; &#x627;&#x6CC;&#x648;&#x646;&#x6CC;&#x648;</subfield>
    <subfield code="e">110002</subfield>
  </datafield>
  <datafield tag="300" ind1=" " ind2=" ">
    <subfield code="a">168p.</subfield>
    <subfield code="c">20cm(Hb)</subfield>
  </datafield>
  <datafield tag="650" ind1=" " ind2=" ">
    <subfield code="a">&#x645;&#x630;&#x6C1;&#x628;    </subfield>
    <subfield code="v">&#x6C1;&#x646;&#x62F;&#x648; </subfield>
    <subfield code="9">136367</subfield>
  </datafield>
  <datafield tag="650" ind1=" " ind2=" ">
    <subfield code="a">Religion</subfield>
    <subfield code="v">Hindu</subfield>
    <subfield code="9">136368</subfield>
  </datafield>
  <datafield tag="942" ind1=" " ind2=" ">
    <subfield code="2">ddc</subfield>
    <subfield code="c">UR</subfield>
    <subfield code="h">181.45</subfield>
    <subfield code="m">&#x628; &#x6C1; &#x6AF;</subfield>
  </datafield>
  <datafield tag="999" ind1=" " ind2=" ">
    <subfield code="c">109206</subfield>
    <subfield code="d">109206</subfield>
  </datafield>
  <datafield tag="952" ind1=" " ind2=" ">
    <subfield code="0">0</subfield>
    <subfield code="1">0</subfield>
    <subfield code="4">0</subfield>
    <subfield code="7">0</subfield>
    <subfield code="a">L</subfield>
    <subfield code="b">L</subfield>
    <subfield code="d">2016-02-25</subfield>
    <subfield code="e">Cen Lib/Ref</subfield>
    <subfield code="g">70.00</subfield>
    <subfield code="l">0</subfield>
    <subfield code="o">181.45 &#x628; &#x6C1; &#x6AF;</subfield>
    <subfield code="p">A-645646</subfield>
    <subfield code="r">2016-02-25 00:00:00</subfield>
    <subfield code="t">1</subfield>
    <subfield code="v">70.00</subfield>
    <subfield code="w">2016-02-25</subfield>
    <subfield code="y">UR</subfield>
  </datafield>
</record>
